[Event "48th Biel Master Open"]
[Site "Biel SUI"]
[Date "2015.07.25"]
[Round "6.17"]
[White "Donchenko, Anatoly"]
[Black "Bogner, Sebastian"]
[Result "0-1"]
[WhiteTitle "IM"]
[BlackTitle "GM"]
[WhiteElo "2326"]
[BlackElo "2544"]
[WhiteFideId "4106091"]
[BlackFideId "4692055"]
[EventDate "2015.07.20"]

1. d4 Nf6 2. Nf3 g6 3. g3 Bg7 4. Bg2 O-O 5. O-O d6 6. b3 a5 7. a4 Nc6 8. Bb2 Bf5
9. Nbd2 Qc8 10. Re1 Bg4 11. Nc4 Re8 12. d5 Nb4 13. e4 e6 14. dxe6 Bxe6 15. e5
dxe5 16. Nfxe5 Bxc4 17. bxc4 Qf5 18. Re2 Rad8 19. Nd3 Nxd3 20. cxd3 Qxd3 21.
Rxe8+ Nxe8 22. Qxd3 Rxd3 23. Bxg7 Kxg7 24. Bxb7 Rc3 25. Bd5 Nd6 26. Rb1 Nxc4 27.
Rb5 Nd2 28. Rxa5 c6 29. Bh1 Rc1+ 30. Kg2 Ne4 31. f3 Rc2+ 32. Kg1 Rc1+ 33. Kg2
Nd6 34. Ra8 c5 35. Rd8 Nc4 36. h4 Kf6 37. Kh2 Ke7 38. Rd3 Na5 39. f4 c4 40. Rd5
Nb3 41. Re5+ Kd6 42. Rb5 Nc5 43. Rb6+ Kd7 44. a5 c3 45. Rb4 Rc2+ 46. Kh3 Rd2 47.
Rc4 Nd3 48. Bc6+ Kd6 49. a6 Nf2+ 50. Kg2 Ng4+ 51. Kh3 f5 52. Bg2 Nf2+ 53. Kh2
Ng4+ 54. Kh3 Rxg2 55. Rd4+ Ke7 56. Kxg2 c2 0-1

[Event "48th Biel Master Open"]
[Site "Biel SUI"]
[Date "2015.07.25"]
[Round "6.18"]
[White "Kamber, Bruno"]
[Black "Svane, Rasmus"]
[Result "0-1"]
[WhiteTitle "FM"]
[BlackTitle "IM"]
[WhiteElo "2291"]
[BlackElo "2531"]
[WhiteFideId "1300504"]
[BlackFideId "4657101"]
[EventDate "2015.07.20"]

1. e4 c6 2. d3 d5 3. Nd2 e5 4. Ngf3 Bd6 5. Be2 Ne7 6. O-O O-O 7. d4 exd4 8. Nxd4
Qc7 9. N4f3 Rd8 10. exd5 Nxd5 11. Bc4 Bf5 12. Bxd5 cxd5 13. c3 Nc6 14. Re1 Re8
15. Rxe8+ Rxe8 16. Nf1 Bg4 17. Be3 Qd7 18. Ng3 Bc7 19. Qa4 Bxf3 20. gxf3 h5 21.
Kg2 d4 22. Rd1 Rd8 23. Nxh5 Qf5 24. Ng3 Bxg3 25. hxg3 b5 26. Qa3 dxe3 27. Rxd8+
Nxd8 28. fxe3 Qd7 29. e4 Ne6 30. Qb3 Qd3 31. a4 Qe2+ 32. Kh3 Qxf3 33. Qxb5 Nf4+
34. Kh4 Ng2+ 35. Kh3 Ne3 0-1

[Event "48th Biel Master Open"]
[Site "Biel SUI"]
[Date "2015.07.25"]
[Round "6.19"]
[White "Bigg, Andrew J"]
[Black "Romanishin, Oleg M"]
[Result "0-1"]
[WhiteTitle "FM"]
[BlackTitle "GM"]
[WhiteElo "2313"]
[BlackElo "2475"]
[WhiteFideId "409120"]
[BlackFideId "14100088"]
[EventDate "2015.07.20"]

1. d4 Nf6 2. Bg5 d5 3. e3 Nbd7 4. Nd2 g6 5. Ngf3 Bg7 6. Bd3 c5 7. c3 O-O 8. O-O
Qb6 9. Rb1 e5 10. dxe5 Ng4 11. e4 Ndxe5 12. Nxe5 Nxe5 13. Bc2 d4 14. Bb3 Bg4 15.
f3 Be6 16. Bxe6 Qxe6 17. cxd4 cxd4 18. Qb3 Qd7 19. f4 Ng4 20. f5 Rfe8 21. Qh3
Ne5 22. Qh4 Rac8 23. Nf3 d3 24. f6 Bf8 25. Bh6 Nxf3+ 26. gxf3 Bxh6 27. Qxh6 Qd4+ 0-1

[Event "48th Biel Master Open"]
[Site "Biel SUI"]
[Date "2015.07.25"]
[Round "6.20"]
[White "Andersen, Mads"]
[Black "Vojinovic, Jovana"]
[Result "1-0"]
[WhiteTitle "IM"]
[BlackTitle "WGM"]
[WhiteElo "2467"]
[BlackElo "2292"]
[WhiteFideId "1413864"]
[BlackFideId "937266"]
[EventDate "2015.07.20"]

1. c4 e6 2. g3 f5 3. Bg2 Nf6 4. Nf3 Be7 5. O-O d5 6. cxd5 exd5 7. Nc3 O-O 8. e3
c6 9. b3 Qe8 10. d3 Qh5 11. Rb1 Na6 12. a3 Nc7 13. b4 g5 14. Re1 Ng4 15. h3 Nh6
16. b5 Bf6 17. d4 Nf7 18. bxc6 bxc6 19. Qa4 Nd8 20. Ne5 Bxe5 21. dxe5 f4 22. g4
Qf7 23. e4 d4 24. Qxd4 f3 25. Bh1 h5 26. e6 Ncxe6 27. Qe5 hxg4 28. hxg4 Qh7 29.
Qh2 Qh4 30. Qxh4 gxh4 31. e5 Nd4 32. Ne4 Ba6 33. Nf6+ Kf7 34. Nh7 N8e6 35. Nxf8
Kxf8 36. Kh2 c5 37. Re3 Ng5 38. e6 Ke7 39. Re5 Ngxe6 40. Be3 Kd6 41. Rh5 Nc2 42.
Rd1+ Ncd4 43. Rxh4 Be2 44. Rd2 Rg8 45. Kg3 Kc7 46. Rh5 Kb6 47. Re5 Rf8 48. Rxe6+
Nxe6 49. Rd6+ Kb5 50. Rxe6 c4 51. Bd4 Rd8 52. Re4 Ka4 53. Bxa7 Kxa3 54. Bxf3 Bd3
55. Rd4 Re8 56. Rd6 Kb3 57. Be3 Rb8 58. Rb6+ 1-0

[Event "48th Biel Master Open"]
[Site "Biel SUI"]
[Date "2015.07.27"]
[Round "7.1"]
[White "Adhiban, Baskaran"]
[Black "Fridman, Daniel"]
[Result "0-1"]
[WhiteTitle "GM"]
[BlackTitle "GM"]
[WhiteElo "2627"]
[BlackElo "2639"]
[WhiteFideId "5018471"]
[BlackFideId "11600454"]
[EventDate "2015.07.20"]

1. d4 d5 2. c4 e6 3. Nc3 Nf6 4. Nf3 Be7 5. Bf4 O-O 6. e3 Nbd7 7. c5 Nh5 8. Bd3
Nxf4 9. exf4 b6 10. c6 Nb8 11. Qc2 g6 12. Ne2 a5 13. Rc1 Ba6 14. Bxa6 Rxa6 15.
a4 Qd6 16. O-O Ra8 17. Ne5 Bf6 18. Qd1 Qb4 19. Rc3 Bg7 20. Qc2 Qd6 21. Rc1 Na6
22. Qb1 Nb4 23. h4 f6 24. Nd7 Rf7 25. g3 e5 26. f5 gxf5 27. Qxf5 Na2 28. f4 Nxc3
29. Rxc3 Re8 30. Qh5 Qb4 31. Re3 Qxa4 32. dxe5 Qxc6 33. Nd4 Qc1+ 34. Kf2 Qxb2+
35. Ne2 fxe5 36. Nxe5 Rxe5 37. Rxe5 Bxe5 38. Qg5+ Bg7 0-1

[Event "48th Biel Master Open"]
[Site "Biel SUI"]
[Date "2015.07.27"]
[Round "7.2"]
[White "Gharamian, Tigran"]
[Black "Wagner, Dennis"]
[Result "1/2-1/2"]
[WhiteTitle "GM"]
[BlackTitle "GM"]
[WhiteElo "2649"]
[BlackElo "2569"]
[WhiteFideId "13301527"]
[BlackFideId "24650684"]
[EventDate "2015.07.20"]

1. e4 e5 2. Nf3 Nc6 3. Bb5 a6 4. Ba4 Nf6 5. O-O Nxe4 6. d4 b5 7. Bb3 d5 8. dxe5
Be6 9. c3 Be7 10. Nbd2 Nc5 11. Bc2 d4 12. cxd4 Nxd4 13. Nxd4 Qxd4 14. Nf3 Qxd1
15. Rxd1 O-O 16. Nd4 Rfd8 17. Be3 Bd5 18. Nf5 Bf8 19. Nd6 Bxg2 20. Nxf7 Rxd1+
21. Rxd1 Bf3 22. Rd4 Ne6 23. Bb3 Nxd4 24. Nh6+ Kh8 25. Nf7+ Kg8 26. Nh6+ Kh8 27.
Nf7+ 1/2-1/2

[Event "48th Biel Master Open"]
[Site "Biel SUI"]
[Date "2015.07.27"]
[Round "7.3"]
[White "Dragun, Kamil"]
[Black "Solak, Dragan"]
[Result "1/2-1/2"]
[WhiteTitle "GM"]
[BlackTitle "GM"]
[WhiteElo "2586"]
[BlackElo "2622"]
[WhiteFideId "1134167"]
[BlackFideId "916811"]
[EventDate "2015.07.20"]

1. Nf3 d5 2. g3 Bg4 3. Bg2 Nd7 4. d4 e6 5. O-O Ngf6 6. c4 c6 7. cxd5 exd5 8. Nc3
Bd6 9. h3 Bxf3 10. Bxf3 O-O 11. Re1 Re8 12. Qd3 Nb6 13. Rb1 Qe7 14. Bg5 h6 15.
Bxf6 Qxf6 16. b4 a6 17. Kg2 Rad8 18. a4 Nc4 19. e4 Qg6 20. h4 h5 21. Qd1 dxe4
22. Nxe4 Bf8 23. Bxh5 Qf5 24. Bg4 Qg6 25. h5 Qh6 26. Rb3 Nd6 27. Nc5 Rxe1 28.
Qxe1 Qg5 29. Kh3 Nf5 30. Ne6 fxe6 31. Qxe6+ Kh8 32. Bxf5 Rd6 33. Qc8 Rd8 34. Qe6
Rd6 35. Qc8 Rd8 36. Qe6 Rd6 1/2-1/2

[Event "48th Biel Master Open"]
[Site "Biel SUI"]
[Date "2015.07.27"]
[Round "7.4"]
[White "Donchenko, Alexander"]
[Black "Sutovsky, Emil"]
[Result "1/2-1/2"]
[WhiteTitle "GM"]
[BlackTitle "GM"]
[WhiteElo "2567"]
[BlackElo "2619"]
[WhiteFideId "24603295"]
[BlackFideId "2802007"]
[EventDate "2015.07.20"]

1. Nf3 c5 2. c4 Nc6 3. Nc3 g6 4. e3 Nf6 5. d4 cxd4 6. exd4 d5 7. cxd5 Nxd5 8.
Qb3 e6 9. Bg5 Be7 10. Bh6 Bf8 11. Bxf8 Kxf8 12. Bb5 Nce7 13. O-O Kg7 14. Rfe1
Qb6 15. Rac1 Rd8 16. Nxd5 Nxd5 17. Bc4 Qxb3 1/2-1/2

[Event "48th Biel Master Open"]
[Site "Biel SUI"]
[Date "2015.07.27"]
[Round "7.5"]
[White "Bok, Benjamin"]
[Black "Erdos, Viktor"]
[Result "1/2-1/2"]
[WhiteTitle "GM"]
[BlackTitle "GM"]
[WhiteElo "2562"]
[BlackElo "2610"]
[WhiteFideId "1017063"]
[BlackFideId "719978"]
[EventDate "2015.07.20"]

1. e4 e5 2. Nf3 Nc6 3. Bb5 Nf6 4. O-O Nxe4 5. d4 Be7 6. Qe2 Nd6 7. Bxc6 bxc6 8.
dxe5 Nb7 9. Re1 O-O 10. Be3 Nc5 11. c4 Ne6 12. Nc3 Bb4 13. Bd2 Ba6 14. Rad1 d5
15. exd6 cxd6 16. a3 Bc5 17. Ne4 Re8 18. Bc3 d5 19. Nxc5 Nxc5 20. Qxe8+ Qxe8 21.
Rxe8+ Rxe8 22. cxd5 Be2 23. Rd4 cxd5 24. Rxd5 Ne6 25. Ne5 f6 26. Nd3 a6 27. h3
Kf7 28. Rd7+ Re7 29. Rxe7+ Kxe7 30. Ne1 Nf4 31. f3 Bc4 32. Kf2 Nd3+ 33. Nxd3
Bxd3 34. h4 Ke6 35. Ke3 Bf1 36. g3 g6 37. a4 Bc4 38. b4 Bd5 39. b5 axb5 40. axb5
Bc4 41. b6 Bd5 42. g4 Bb7 43. Bb4 f5 44. Kf4 fxg4 45. fxg4 Kd7 46. Ba5 Kc8 47.
g5 Ba6 48. Ke5 Kb7 49. Kf6 Be2 50. Kg7 Bh5 51. Kxh7 Kc6 52. Kg7 Kb7 53. Kf6 Kc6
54. Ke7 Kb7 55. Kd6 Bf3 56. Kc5 Bh5 57. Bd2 Bf3 58. Be3 Bh5 59. Kd6 1/2-1/2

[Event "48th Biel Master Open"]
[Site "Biel SUI"]
[Date "2015.07.27"]
[Round "7.7"]
[White "Bartel, Mateusz"]
[Black "Cherniaev, Alexander"]
[Result "1-0"]
[WhiteTitle "GM"]
[BlackTitle "GM"]
[WhiteElo "2631"]
[BlackElo "2483"]
[WhiteFideId "1112635"]
[BlackFideId "4117301"]
[EventDate "2015.07.20"]

1. d4 Nf6 2. c4 d6 3. Nc3 e5 4. Nf3 Nc6 5. d5 Ne7 6. h3 Ng6 7. e4 Be7 8. Be3 h6
9. g3 Nh7 10. Qc2 O-O 11. Bd3 c5 12. h4 Bd7 13. Nd2 a6 14. a3 Rb8 15. b4 b5 16.
bxc5 dxc5 17. Rb1 Qe8 18. Nb3 Rc8 19. Na5 Qd8 20. Nc6 Bxc6 21. dxc6 bxc4 22.
Bxc4 Rxc6 23. h5 Nh8 24. Nd5 Ng5 25. Qa4 Rc8 26. Rb7 Bd6 27. Rd7 Qe8 28. Bxg5
hxg5 29. Nb6 Rd8 30. O-O Kh7 31. Qc6 Be7 32. Rfd1 Rb8 33. Qc7 Bf6 34. R1d6 1-0

[Event "48th Biel Master Open"]
[Site "Biel SUI"]
[Date "2015.07.27"]
[Round "7.8"]
[White "Zoler, Dan"]
[Black "Yilmaz, Mustafa"]
[Result "1/2-1/2"]
[WhiteTitle "GM"]
[BlackTitle "GM"]
[WhiteElo "2498"]
[BlackElo "2582"]
[WhiteFideId "2800705"]
[BlackFideId "6302718"]
[EventDate "2015.07.20"]

1. d4 Nf6 2. c4 e6 3. Nf3 c5 4. d5 d6 5. Nc3 exd5 6. cxd5 g6 7. Bf4 a6 8. a4 Bg7
9. h3 O-O 10. e3 Re8 11. Nd2 Nfd7 12. Be2 Ne5 13. O-O Nbd7 14. a5 f5 15. Bh2 Rb8
16. Qc2 Qc7 17. b3 Nf6 18. Ra2 Bd7 19. Rc1 Kh8 20. Qb1 Rbc8 21. Nc4 Nxc4 22.
bxc4 Ne4 23. Nxe4 Rxe4 24. Qb3 Rd8 25. Rb1 Bc8 26. Qb6 Qd7 27. Bd3 Ree8 28. Qb3
Qe7 29. Re2 Qf6 30. Qc2 Kg8 31. Qc1 Bh6 32. Rb6 Qf8 33. Kh1 Rd7 34. Bg3 Bg5 35.
Qd2 Bd8 36. Rb1 Rf7 37. f4 Qg7 38. Kh2 Bf6 39. Rb3 Rfe7 40. Qe1 Qh6 41. Qf2 Rd7
42. Qf3 Rde7 43. Rb6 Rd7 44. e4 fxe4 45. Rxe4 Rxe4 46. Qxe4 Rd8 47. Qf3 Qf8 48.
Bc2 Rd7 49. f5 Bd8 50. Rb3 Rf7 51. Qf4 Bc7 52. Qh4 Bd8 53. Qf4 Be7 54. Qd2 gxf5
55. Bf4 Bf6 56. Rb6 Be7 57. Qe3 Qd8 58. Bd1 Rg7 59. Bh5 Bg5 60. Qf3 Bxf4+ 61.
Qxf4 Rd7 62. Qxf5 Qe7 63. Qf4 Rd8 64. Rb3 Rf8 65. Rg3+ Kh8 66. Qh6 Rg8 67. Re3
Qg5 68. Qxg5 Rxg5 69. Re8+ Rg8 70. Rxg8+ Kxg8 71. Bg4 Bxg4 72. hxg4 Kf7 73. Kg3
Ke7 74. Kf4 Kd7 75. Ke4 Kc7 76. Kd3 b5 77. axb6+ Kxb6 78. Kc3 Kc7 79. Kb3 h6 80.
Ka4 Kb6 81. Ka3 Ka5 82. Kb3 Kb6 83. Ka3 Ka5 84. Kb3 Kb6 85. Ka4 a5 86. Ka3 1/2-1/2

[Event "48th Biel Master Open"]
[Site "Biel SUI"]
[Date "2015.07.27"]
[Round "7.9"]
[White "Can, Emre"]
[Black "Wallace, John Paul"]
[Result "1-0"]
[WhiteTitle "GM"]
[BlackTitle "IM"]
[WhiteElo "2547"]
[BlackElo "2385"]
[WhiteFideId "6302181"]
[BlackFideId "3200957"]
[EventDate "2015.07.20"]

1. d4 Nf6 2. c4 e6 3. Nf3 c5 4. d5 d6 5. Nc3 exd5 6. cxd5 g6 7. Bf4 a6 8. a4 Bg7
9. h3 O-O 10. e3 Ne8 11. Be2 Nd7 12. O-O Qe7 13. a5 Rb8 14. Na4 Nc7 15. Qb3 b5
16. axb6 Na8 17. Nd2 Naxb6 18. Nc3 Na8 19. Qc2 Nc7 20. Rfd1 Ne5 21. Nb3 Nb5 22.
Na5 Bd7 23. Nc6 Bxc6 24. dxc6 Nc7 25. Bxa6 Rbd8 26. Bb7 d5 27. Qb3 d4 28. exd4
cxd4 29. Nb5 Ne6 30. Bd2 d3 31. Rac1 Rb8 32. Qb4 Rxb7 33. cxb7 Qxb7 34. Nd6 Qd7
35. Be3 f5 36. f4 Nc6 37. Qb5 Ned4 38. Bxd4 Bxd4+ 39. Kh1 Qxd6 40. Rxc6 Qd7 41.
Rxg6+ 1-0

[Event "48th Biel Master Open"]
[Site "Biel SUI"]
[Date "2015.07.27"]
[Round "7.10"]
[White "Raetsky, Alexander"]
[Black "Ivanisevic, Ivan"]
[Result "1/2-1/2"]
[WhiteTitle "GM"]
[BlackTitle "GM"]
[WhiteElo "2405"]
[BlackElo "2662"]
[WhiteFideId "4103203"]
[BlackFideId "912417"]
[EventDate "2015.07.20"]

1. e4 c5 2. Nf3 Nc6 3. d4 cxd4 4. Nxd4 e6 5. Nc3 Qc7 6. g3 a6 7. Bg2 Nf6 8. O-O
Nxd4 9. Qxd4 Bc5 10. Bf4 d6 11. Qd3 h6 12. Rad1 e5 13. Be3 Bg4 14. Bxc5 dxc5 15.
Qd6 Qxd6 16. Rxd6 Nd7 17. f4 O-O-O 18. f5 Bh5 19. Bf3 Bxf3 20. Rxf3 Nf6 21. Rfd3
Rxd6 22. Rxd6 Kc7 23. Rd2 Kc6 24. Kg2 b5 25. Kf3 b4 26. Nd5 Nxd5 27. Rxd5 f6 28.
Ke3 c4 29. b3 cxb3 30. axb3 h5 31. Kd3 h4 32. Kc4 hxg3 33. hxg3 Rh2 34. Rc5+ Kb6
35. Kxb4 Re2 36. Rc4 Re3 37. g4 Rg3 38. Ka4 Rxg4 39. Rb4+ Ka7 40. Ka5 Rg1 41.
Rc4 Ra1+ 42. Ra4 Rd1 43. Rc4 Kb7 44. Rb4+ Ka7 45. Rc4 Ra1+ 46. Ra4 Rd1 1/2-1/2

[Event "48th Biel Master Open"]
[Site "Biel SUI"]
[Date "2015.07.27"]
[Round "7.11"]
[White "Brkic, Ante"]
[Black "Meins, Gerlef"]
[Result "1-0"]
[WhiteTitle "GM"]
[BlackTitle "IM"]
[WhiteElo "2607"]
[BlackElo "2436"]
[WhiteFideId "14506688"]
[BlackFideId "4620895"]
[EventDate "2015.07.20"]

1. e4 c5 2. Nf3 Nc6 3. d4 cxd4 4. Nxd4 e5 5. Nb5 d6 6. N1c3 a6 7. Na3 Be7 8. Nc4
b5 9. Ne3 Nf6 10. Bd3 O-O 11. O-O Nd4 12. Ncd5 Ne6 13. a4 Bb7 14. Nxe7+ Qxe7 15.
Nf5 Qc7 16. Qf3 Nd4 17. Nxd4 exd4 18. axb5 axb5 19. Bg5 Nd7 20. Bxb5 Nc5 21. Bf4
Ne6 22. Rac1 Ra5 23. c4 dxc3 24. Rxc3 Qb6 25. Bc4 Nxf4 26. Qxf4 Qxb2 27. Rb3 Qc2
28. Rb4 Qc3 29. Qxd6 Bxe4 30. Rb8 1-0

[Event "48th Biel Master Open"]
[Site "Biel SUI"]
[Date "2015.07.27"]
[Round "7.12"]
[White "Romanishin, Oleg M"]
[Black "Esen, Baris"]
[Result "1/2-1/2"]
[WhiteTitle "GM"]
[BlackTitle "GM"]
[WhiteElo "2475"]
[BlackElo "2567"]
[WhiteFideId "14100088"]
[BlackFideId "6302114"]
[EventDate "2015.07.20"]

1. Nf3 g6 2. g3 Bg7 3. d4 c5 4. c3 cxd4 5. cxd4 d5 6. Nc3 Nf6 7. Ne5 Nfd7 8.
Nxd7 Qxd7 9. Bg2 e6 10. O-O Nc6 11. e3 O-O 12. b3 b6 13. Ba3 Rd8 14. Qe2 Bb7 15.
Rac1 1/2-1/2

[Event "48th Biel Master Open"]
[Site "Biel SUI"]
[Date "2015.07.27"]
[Round "7.13"]
[White "Heimann, Andreas"]
[Black "Andersen, Mads"]
[Result "1-0"]
[WhiteTitle "IM"]
[BlackTitle "IM"]
[WhiteElo "2557"]
[BlackElo "2467"]
[WhiteFideId "24624632"]
[BlackFideId "1413864"]
[EventDate "2015.07.20"]

1. c4 Nf6 2. Nf3 g6 3. Nc3 Bg7 4. e4 d6 5. d4 O-O 6. h3 e5 7. d5 Nh5 8. g3 Na6
9. Be3 f5 10. exf5 gxf5 11. Qd2 f4 12. gxf4 Nxf4 13. Rg1 Kh8 14. O-O-O Qe8 15.
Ng5 Bf5 16. Bxf4 exf4 17. Bd3 Qh5 18. Bxf5 Rxf5 19. Ne6 Be5 20. Nb5 Rf7 21. Rg5
Qxh3 22. Rdg1 Qh6 23. f3 Rf6 24. Nbd4 Qh3 25. Qd1 Qh4 26. Rh1 1-0

[Event "48th Biel Master Open"]
[Site "Biel SUI"]
[Date "2015.07.27"]
[Round "7.14"]
[White "Bogner, Sebastian"]
[Black "Studer, Noel"]
[Result "1/2-1/2"]
[WhiteTitle "GM"]
[BlackTitle "IM"]
[WhiteElo "2544"]
[BlackElo "2416"]
[WhiteFideId "4692055"]
[BlackFideId "1319620"]
[EventDate "2015.07.20"]

1. Nf3 Nf6 2. c4 c5 3. Nc3 e6 4. e3 b6 5. d4 cxd4 6. exd4 d6 7. Bd3 Bb7 8. O-O
Be7 9. d5 e5 10. Nh4 g6 11. f4 Nbd7 12. Nf3 O-O 13. f5 b5 14. cxb5 Nxd5 15. Nxd5
Bxd5 16. Bh6 Qb6+ 1/2-1/2

[Event "48th Biel Master Open"]
[Site "Biel SUI"]
[Date "2015.07.27"]
[Round "7.15"]
[White "Svane, Rasmus"]
[Black "Nezad, Husein Aziz"]
[Result "0-1"]
[WhiteTitle "IM"]
[BlackTitle "IM"]
[WhiteElo "2531"]
[BlackElo "2405"]
[WhiteFideId "4657101"]
[BlackFideId "12100293"]
[EventDate "2015.07.20"]

1. d4 d5 2. c4 c6 3. Nf3 e6 4. Qc2 dxc4 5. Qxc4 b5 6. Qc2 Bb7 7. e4 Nd7 8. Bd3
Ngf6 9. O-O a6 10. Bg5 Qb6 11. a4 Rc8 12. Qe2 h6 13. Bh4 Nh5 14. Nc3 g5 15. Bg3
g4 16. Nd2 Nxg3 17. hxg3 Qxd4 18. axb5 cxb5 19. Rfd1 Ne5 20. Nf1 Qb6 21. Rac1
Bc5 22. Bb1 h5 23. Qe1 h4 24. Ne2 a5 25. Nf4 Ke7 26. Nd3 Nxd3 27. Bxd3 h3 28.
Qe2 hxg2 29. Kxg2 e5 30. Rxc5 Rxc5 31. Ne3 Qg6 32. f3 f5 33. Nxf5+ Qxf5 34. exf5
gxf3+ 35. Qxf3 Bxf3+ 36. Kxf3 Rd8 37. Ke3 Rcd5 38. g4 Rd4 39. f6+ Kxf6 40. Rf1+
Rf4 41. Ra1 Rb4 42. Rf1+ Kg7 43. Bf5 Rxb2 44. Rc1 Rf8 45. Rc6 Rf6 46. Rc8 a4 47.
Ra8 Rb4 48. Kf3 Rf4+ 49. Ke3 R6xf5 50. gxf5 Kf6 51. Rf8+ Ke7 52. Ra8 Kd6 53. f6
Kc5 54. Re8 Rxf6 55. Rxe5+ Kb4 56. Kd2 Rc6 0-1

[Event "48th Biel Master Open"]
[Site "Biel SUI"]
[Date "2015.07.27"]
[Round "7.16"]
[White "Cebalo, Miso"]
[Black "Ulybin, Mikhail"]
[Result "0-1"]
[WhiteTitle "GM"]
[BlackTitle "GM"]
[WhiteElo "2397"]
[BlackElo "2520"]
[WhiteFideId "14500094"]
[BlackFideId "4101405"]
[EventDate "2015.07.20"]

1. d4 e6 2. c4 f5 3. g3 Nf6 4. Bg2 d5 5. Nf3 Be7 6. O-O O-O 7. Qc2 Ne4 8. Nbd2
Nc6 9. a3 a5 10. b3 Bd7 11. Bb2 Be8 12. cxd5 exd5 13. Ne5 Nxe5 14. dxe5 Bg6 15.
Rad1 c6 16. e3 Qb6 17. Rfe1 Nxd2 18. Rxd2 f4 19. Qc3 f3 20. Bf1 Rad8 21. h3 c5
22. Red1 Be4 23. Kh2 Rf5 24. Bd3 Bxd3 25. Qxd3 Qe6 26. g4 Rf7 27. Rg1 h6 28. Qc2
b6 29. Qd1 Bh4 30. b4 axb4 31. axb4 c4 32. Qa4 Rdd7 33. Qb5 Rf8 34. Bd4 Bd8 35.
Ra2 Bc7 36. Rg3 Rdd8 37. Ra7 Bxe5 38. Bxe5 Qxe5 39. Qxb6 c3 40. Ra2 Rc8 41. Rc2
Rc4 42. Kh1 Qxg3 43. fxg3 f2 44. Qe6+ Kh7 45. Rc1 f1=Q+ 46. Rxf1 Rxf1+ 47. Kg2
c2 0-1

[Event "48th Biel Master Open"]
[Site "Biel SUI"]
[Date "2015.07.27"]
[Round "7.17"]
[White "Rambaldi, Francesco"]
[Black "Haimovich, Tal"]
[Result "1-0"]
[WhiteTitle "IM"]
[BlackTitle "IM"]
[WhiteElo "2513"]
[BlackElo "2361"]
[WhiteFideId "20657307"]
[BlackFideId "2801698"]
[EventDate "2015.07.20"]

1. d4 Nf6 2. c4 e6 3. Nc3 Bb4 4. f3 d5 5. a3 Bxc3+ 6. bxc3 c5 7. cxd5 exd5 8. e3
O-O 9. Bd3 b6 10. Ne2 Ba6 11. O-O Re8 12. Ng3 Bxd3 13. Qxd3 Nc6 14. Bb2 Rc8 15.
Rae1 Qd7 16. e4 dxe4 17. fxe4 Ne5 18. Qd1 cxd4 19. cxd4 Nc4 20. Ba1 Qg4 21. Qd3
b5 22. h3 Qg6 23. Nf5 Rcd8 24. d5 Nh5 25. g4 Nf6 26. Nxg7 Rxe4 27. Nf5 Rde8 28.
Rxe4 Nxe4 29. Re1 Ncd6 30. Qd4 f6 31. Nxd6 Nxd6 32. Rf1 Ne4 33. d6 Ng5 34. d7
Rd8 35. Qxf6 Nxh3+ 36. Kg2 Qxf6 37. Bxf6 Rxd7 38. Rf3 Rd3 39. Rxh3 Rd2+ 40. Kg3
Kf7 41. Bc3 Rd3+ 42. Kg2 Rxh3 43. Kxh3 Kg6 44. Kh4 Kh6 45. Bd4 a5 46. Bc3 1-0

[Event "48th Biel Master Open"]
[Site "Biel SUI"]
[Date "2015.07.27"]
[Round "7.18"]
[White "Wirig, Anthony"]
[Black "Giulian, Philip M"]
[Result "1-0"]
[WhiteTitle "GM"]
[BlackTitle "FM"]
[WhiteElo "2511"]
[BlackElo "2136"]
[WhiteFideId "615013"]
[BlackFideId "2400197"]
[EventDate "2015.07.20"]

1. Nf3 d5 2. d4 e6 3. g3 f5 4. Bg2 Nf6 5. O-O Bd6 6. c4 c6 7. Qc2 O-O 8. Nc3 Ne4
9. Nxe4 fxe4 10. Ne1 Nd7 11. f3 exf3 12. Nxf3 Nf6 13. Ng5 Qe7 14. e4 dxe4 15.
Nxe4 Nxe4 16. Rxf8+ Qxf8 17. Bxe4 h6 18. c5 Bc7 19. Be3 Bd7 20. Qb3 Rb8 21. Rf1
Qe7 22. Bc2 b5 23. Qd3 g5 24. Qg6+ Qg7 25. Rf6 Rf8 26. Qxg7+ Kxg7 27. Rg6+ Kf7
28. Rxh6 Rg8 29. Rh7+ Ke8 30. Be4 Bd8 31. Kf2 Bf6 32. Ke2 a5 33. h3 a4 34. Kd2
Bd8 35. Bf3 Bf6 36. Bh5+ Kd8 37. Bg4 Rf8 38. d5 1-0

[Event "48th Biel Master Open"]
[Site "Biel SUI"]
[Date "2015.07.28"]
[Round "8.1"]
[White "Fridman, Daniel"]
[Black "Gharamian, Tigran"]
[Result "1/2-1/2"]
[WhiteTitle "GM"]
[BlackTitle "GM"]
[WhiteElo "2639"]
[BlackElo "2649"]
[WhiteFideId "11600454"]
[BlackFideId "13301527"]
[EventDate "2015.07.20"]

1. d4 Nf6 2. Nf3 e6 3. c4 d5 4. g3 Be7 5. Bg2 O-O 6. O-O dxc4 7. Qc2 a6 8. a4
Bd7 9. Qxc4 Bc6 10. Bg5 Bd5 11. Qc2 Be4 12. Qd1 h6 13. Bxf6 Bxf6 14. Nc3 Bxf3
15. Bxf3 c6 16. Qb3 Bxd4 17. Qxb7 Ra7 18. Qb3 Qa5 19. Rfd1 c5 20. e3 Be5 21. Ne4
Qb4 1/2-1/2

[Event "48th Biel Master Open"]
[Site "Biel SUI"]
[Date "2015.07.28"]
[Round "8.2"]
[White "Sutovsky, Emil"]
[Black "Bartel, Mateusz"]
[Result "1-0"]
[WhiteTitle "GM"]
[BlackTitle "GM"]
[WhiteElo "2619"]
[BlackElo "2631"]
[WhiteFideId "2802007"]
[BlackFideId "1112635"]
[EventDate "2015.07.20"]

1. e4 e5 2. Nf3 Nc6 3. Bb5 a6 4. Ba4 Nf6 5. O-O Bc5 6. c3 O-O 7. d4 Ba7 8. Bg5
h6 9. Bh4 exd4 10. cxd4 d6 11. Bxc6 bxc6 12. Nbd2 g5 13. Nxg5 hxg5 14. Bxg5 Bxd4
15. Nf3 Bxb2 16. Rb1 Qd7 17. Rxb2 Nxe4 18. Bh6 Re8 19. Nd4 c5 20. f3 Nf6 21. Ne2
Qf5 22. g4 Qg6 23. Bc1 Bd7 24. Nf4 Qh7 25. Rg2 Bb5 26. g5 Bxf1 27. Kxf1 Nd7 28.
g6 fxg6 29. Qd5+ Kg7 30. Qf5 Ne5 31. Bb2 Kh6 32. Qg5+ Kg7 33. Nxg6 Qh6 34. Qf5 1-0

[Event "48th Biel Master Open"]
[Site "Biel SUI"]
[Date "2015.07.28"]
[Round "8.3"]
[White "Wagner, Dennis"]
[Black "Adhiban, Baskaran"]
[Result "0-1"]
[WhiteTitle "GM"]
[BlackTitle "GM"]
[WhiteElo "2569"]
[BlackElo "2627"]
[WhiteFideId "24650684"]
[BlackFideId "5018471"]
[EventDate "2015.07.20"]

1. d4 Nf6 2. c4 c5 3. d5 g6 4. Nc3 Bg7 5. e4 O-O 6. Nf3 e6 7. e5 Ne8 8. Bg5 f6
9. exf6 Nxf6 10. Be2 d6 11. O-O exd5 12. Nxd5 Nbd7 13. Qd3 Nb6 14. Ne3 Qe8 15.
Nd2 Qe5 16. Nf3 Qe8 17. Nd2 Be6 18. Rae1 Qf7 19. f4 d5 20. f5 gxf5 21. Nxf5 dxc4
22. Qc2 Bxf5 23. Qxf5 h6 24. Be3 Rfe8 25. Bxc5 Rad8 26. Qf4 Nbd5 27. Qf2 b5 28.
Bd1 Qg6 29. Rxe8+ Rxe8 30. Bxa7 Nb4 31. Qc5 Qf7 32. Bh5 Qxh5 33. Qxb4 Re2 34.
Nf3 Ne4 35. Qe7 Ng3 36. Qd8+ Re8 37. Qd2 Nxf1 38. Kxf1 Qf5 39. Kf2 Qd3 40. Be3
Qxd2+ 41. Bxd2 Bxb2 42. Bxh6 Ra8 0-1